| 000 | 00674nam a22002177a 4500 | ||
|---|---|---|---|
| 003 | OSt | ||
| 005 | 20251028062328.0 | ||
| 008 | 251028b |||||||| |||| 00| 0 eng d | ||
| 020 | _a981-265-964-1. | ||
| 040 |
_aDWC-Main lib. _cOC |
||
| 082 | _aCirc. 515 N425 2006 | ||
| 100 | _aKIRKPATRICK, CHRIS | ||
| 245 |
_aNelson advanced functions & introductory calculus/ _cCHRIS KIRKPATRICK |
||
| 260 |
_aSingapore : _bThomson Learning Asia, _cc2006. |
||
| 300 |
_aXXII, 676 p. : _bill. ; _c25 cm. |
||
| 504 | _aIncludes appendix. | ||
| 650 | _a1. Calculus | ||
| 650 | _a2. Function | ||
| 760 | _bThomson Asian Ed. | ||
| 942 |
_2ddc _cBK-CIRC _eThomson Asian Ed. _hCirc. _n0 |
||
| 999 |
_c5242 _d5242 |
||